Revista peruana de Historia Eclesiástica / (Record no. 22002)

000 -CABECERA
fixed length control field 01948nam a22002777a 4500
003 - IDENTIFICADOR DEL NÚMERO DE CONTROL
control field AR-CdUCM
008 - DATOS DE LONGITUD FIJA--INFORMACIÓN GENERAL
fixed length control field 190425b ||||| |||| 00| 0 spa d
040 ## - FUENTE DE LA CATALOGACIÓN
Agencia/entidad que catalogó originalmente la obra MUNICIPALIDAD PROVINCIAL DEL CUSCO
Entidad que transcribió la catalogación BIBLIOTECA MUNICIPAL DEL CUSCO
082 ## - NÚMERO DE LA CLASIFICACIÓN DECIMAL DEWEY
No. de Clasificación Hist.Ecle/N°3/1994
110 ## - ENTRADA PRINCIPAL--NOMBRE DE ENTIDAD CORPORATIVA
Nombre de la institución, jurisdicción como entrada principal Instituto Peruano de Historia Eclesiástica
9 (RLIN) 47113
245 ## - MENCIÓN DE TÍTULO
Título Revista peruana de Historia Eclesiástica /
Mención de responsabilidad Instituto Peruano de Historia Eclesiástica
260 ## - PUBLICACIÓN, DISTRIBUCIÓN, ETC.
Lugar de publicación, distribución, etc. Lima.
Nombre de la editorial, distribuidor, etc. Servicio copias Gráficas,
Fecha de publicación, distribución, etc. 1994.
300 ## - DESCRIPCIÓN FÍSICA
Nº de Páginas Extensión 258 páginas. :
Dimensiones 22 cm.
440 ## - MENCIÓN DE SERIE/PUNTO DE ACCESO ADICIONAL--TÍTULO
Título Revista peruana de Historia Eclesiástica.
Número de la parte/sección de una obra N°3,1994.
9 (RLIN) 47122
505 ## - NOTA DE CONTENIDO CON FORMATO
Nota de contenido formateada Contenido: Las ordenes religiosas y la población andina. -- Clero diocesano y población andina. José Dammert Bellido. -- Los dominicos y la población andina siglos XVI-XVIII. Guillermo Álvarez. -- Los franciscanos y la defensa de la población andina del Perú siglos XVI-XVIII. Federico Richter. -- Los agustinos y la defensa de los naturales del Perú. Benigno Uyarra Cámara. -- Los mercedarios y la defensa del hombre andino siglos XVI-XVIII. Severo Aparicio. -- Jesuitas en el mundo andino las reducciones de Juli. Armando Nieto Vélez. -- Los franciscanos del Perú defensores del nativo. Julián Heras. -- La población nativa en los concilios limenses y sínodos diocesanos. José Dammert Bellido. -- La corona española y la población indígena. Guillermo Lohmann Villena. -- La cultura en el Perú en los últimos tiempos de la evangelización. Franklin Pease. -- La actitud de la Iglesia ante la población negra. Jean Pierre Tardieu.
650 ## - PUNTO DE ACCESO ADICIONAL DE MATERIA--TÉRMINO DE MATERIA
Descriptor Historia eclesiástica
9 (RLIN) 42856
650 ## - PUNTO DE ACCESO ADICIONAL DE MATERIA--TÉRMINO DE MATERIA
Descriptor Educación colonial
9 (RLIN) 25888
650 ## - PUNTO DE ACCESO ADICIONAL DE MATERIA--TÉRMINO DE MATERIA
Descriptor Historia del Cusco
9 (RLIN) 1714
650 ## - PUNTO DE ACCESO ADICIONAL DE MATERIA--TÉRMINO DE MATERIA
Descriptor Religión católica
9 (RLIN) 47116
650 ## - PUNTO DE ACCESO ADICIONAL DE MATERIA--TÉRMINO DE MATERIA
Descriptor Evangelización
9 (RLIN) 47119
700 ## - PUNTO DE ACCESO ADICIONAL--NOMBRE DE PERSONA
Nombre Personal Lohman Villena, Guillermo
9 (RLIN) 47117
700 ## - PUNTO DE ACCESO ADICIONAL--NOMBRE DE PERSONA
Nombre Personal Richter, Federico
9 (RLIN) 47120
700 ## - PUNTO DE ACCESO ADICIONAL--NOMBRE DE PERSONA
Nombre Personal Dammert, José
9 (RLIN) 47121
942 ## - ELEMENTOS DE PUNTO DE ACCESO ADICIONAL (KOHA)
Fuente de clasificación
Tipo de item Revistas cusqueñas
945 ## - PROCESAMIENTO DE INFORMACIÓN LOCAL (OCLC)
Catalogador rac
Holdings
Estado de retiro (separado) Fuente de clasificación o esquema de estanterías Estado dañado Ubicación Sala donde se ubica Nombre de la colección Fecha de adquisición o compra Costo, precio normal en soles Signatura topográfica Código de Barras Última vez visto (Koha) Tipo de ítem (Koha)
No     Sala Hemeroteca Sala Hemeroteca Book Cart 2022-02-03 10.00 Hist.Ecle/N°3/1994 REVC000526 2022-02-03 Revistas cusqueñas

Powered by Koha